Antología de la poesía chilena contemporánea

Salvato in:
Dettagli Bibliografici
Autore principale: Calderón, Alfonso (Autore)
Natura: Libro
Lingua:spagnolo
Pubblicazione: Santiago Universitaria 1970
Serie:Cormorán. Colección libros para el estudiante
Soggetti:
Tags: Aggiungi Tag
Nessun Tag, puoi essere il primo ad aggiungerne!!

MARC

LEADER 00000cam a2200000 a 4500
001 UCY9981
003 CL-VaPUC
008 950724e19700000CL |||||||||||||||||spa|d
020 |a 9561117657 
082 0 4 |a Ch861  |b CAL  |2 21 
100 0 |a Calderón, Alfonso  |e author  |9 342513 
245 1 0 |a Antología de la poesía chilena contemporánea 
300 |a 383 p 
942 |c BK 
945 |d 19950724 00:00:00  |a cmena 
260 |a Santiago  |b Universitaria  |c 1970 
650 0 |a Literatura chilena   |9 308278 
650 0 |a Formas y géneros literarios  |9 324031 
650 0 |a Literatura contemporánea   |9 321959 
650 0 |a Antologías  |9 309836 
583 |a last modification  |c 20150520 13:58:00  |k Rodrigo Vera 
490 0 |a Cormorán. Colección libros para el estudiante 
999 |c 236962  |d 236960 
952 |0 0  |1 0  |4 0  |6 CH_861_000000000000000_CAL_1970  |7 0  |8 A  |9 245547  |a BIBEDU  |b BIBEDU  |d 2019-11-18  |i 1537962  |o Ch861 CAL 1970  |p 1537962  |r 2019-11-18  |w 2019-11-18  |y BK  |k EDU 
952 |0 0  |1 0  |4 0  |6 CH_861_000000000000000_CAL_1970  |7 0  |8 A  |9 245548  |a BIBEDU  |b BIBEDU  |d 2019-11-18  |i 1602136  |o Ch861 CAL 1970  |p 1602136  |r 2019-11-18  |w 2019-11-18  |y BK  |k EDU